Densest U.S. State Capitals - Statistics

General Stats
  • This quiz has been taken 16 times
  • The average score is 8 of 10
Answer Stats
Density (sq. km) State capital Density (sq. mi) % Correct
5,384 Boston 13,943
88%
2,710 Hartford 7,019
88%
2,117 Sacramento 5,484
88%
4,086 Providence 10,582
81%
4,633 Trenton 11,999
81%
2,163 Annapolis 5,603
75%
2,408 Harrisburg 6,238
75%
2,283 Saint Paul 5,913
75%
1,839 Denver 4,756
69%
2,202 Honolulu 5,702
63%
No matching quizzes found
Score Distribution
Percent of People with Each Score
Percentile by Number Answered
Your Score History
You have not taken this quiz